| 000 -LEADER |
| fixed length control field |
02401cam a22003854a 4500 |
| 001 - CONTROL NUMBER |
| control field |
14414940 |
| 005 - DATE AND TIME OF LATEST TRANSACTION |
| control field |
20170105102918.0 |
| 008 - FIXED-LENGTH DATA ELEMENTS--GENERAL INFORMATION |
| fixed length control field |
060615s2006 nyuab b 001 0 eng |
| 010 ## - LIBRARY OF CONGRESS CONTROL NUMBER |
| LC control number |
2006048347 |
| 020 ## - INTERNATIONAL STANDARD BOOK NUMBER |
| International Standard Book Number |
0312360231 |
| 020 ## - INTERNATIONAL STANDARD BOOK NUMBER |
| International Standard Book Number |
9780312360238 |
| 035 ## - SYSTEM CONTROL NUMBER |
| System control number |
(OCoLC)ocm70335397 |
| 035 ## - SYSTEM CONTROL NUMBER |
| System control number |
(OCoLC)70335397 |
| 040 ## - CATALOGING SOURCE |
| Original cataloging agency |
DLC |
| Transcribing agency |
DLC |
| Modifying agency |
BAKER |
| -- |
C#P |
| -- |
BUR |
| -- |
IXA |
| -- |
YUS |
| -- |
YDXCP |
| -- |
VP@ |
| -- |
DLC |
| 042 ## - AUTHENTICATION CODE |
| Authentication code |
pcc |
| 043 ## - GEOGRAPHIC AREA CODE |
| Geographic area code |
n-us--- |
| 050 00 - LIBRARY OF CONGRESS CALL NUMBER |
| Classification number |
JK468.I6 |
| Item number |
G74 2006 |
| 082 00 - DEWEY DECIMAL CLASSIFICATION NUMBER |
| Classification number |
973.931 |
| Edition number |
22 |
| 100 1# - MAIN ENTRY--PERSONAL NAME |
| Personal name |
Grey, Stephen, |
| Dates associated with a name |
1968- |
| 245 10 - TITLE STATEMENT |
| Title |
Ghost plane : |
| Remainder of title |
the true story of the CIA torture program / |
| Statement of responsibility, etc. |
Stephen Grey. |
| 250 ## - EDITION STATEMENT |
| Edition statement |
1st ed. |
| 260 ## - PUBLICATION, DISTRIBUTION, ETC. |
| Place of publication, distribution, etc. |
New York : |
| Name of publisher, distributor, etc. |
St. Martin's Press, |
| Date of publication, distribution, etc. |
2006. |
| 300 ## - PHYSICAL DESCRIPTION |
| Extent |
xii, 372 p. : |
| Other physical details |
ill., maps ; |
| Dimensions |
25 cm. |
| 500 ## - GENERAL NOTE |
| General note |
Includes bibliographical references (p. [313]-364) and index. |
| 520 ## - SUMMARY, ETC. |
| Summary, etc. |
Investigative journalist Grey tells the inside story of international prisons sanctioned by the U.S. Government and used by the CIA to hold and torture people suspected of terrorism. He takes an unflinching look at a practice that scorns Geneva Convention rules and is powered by corruption at the highest levels of governments worldwide-- individuals abducted at airports around the world and transported for interrogation and torture on planes manned by CIA operatives. Using contacts deep inside the government, Grey paints a disturbing ethical picture of the war on terror as he reveals how deeply the Bush administration is involved in the program and questions the truth of statements made by Secretary of State Condoleeza Rice. He also shines a spotlight on the heads of European nations who turned a blind eye to the program when it showed up in their back yards.--From publisher description. |
| 610 10 - SUBJECT ADDED ENTRY--CORPORATE NAME |
| Corporate name or jurisdiction name as entry element |
United States. |
| Subordinate unit |
Central Intelligence Agency. |
| 650 #0 - SUBJECT ADDED ENTRY--TOPICAL TERM |
| Topical term or geographic name entry element |
Torture |
| Geographic subdivision |
United States |
| General subdivision |
History. |
| 650 #0 - SUBJECT ADDED ENTRY--TOPICAL TERM |
| Topical term or geographic name entry element |
Intelligence service |
| Geographic subdivision |
United States. |
| 856 42 - ELECTRONIC LOCATION AND ACCESS |
| Materials specified |
Contributor biographical information |
| Uniform Resource Identifier |
<a href="http://www.loc.gov/catdir/enhancements/fy0701/2006048347-b.html">http://www.loc.gov/catdir/enhancements/fy0701/2006048347-b.html</a> |
| 856 42 - ELECTRONIC LOCATION AND ACCESS |
| Materials specified |
Publisher description |
| Uniform Resource Identifier |
<a href="http://www.loc.gov/catdir/enhancements/fy0701/2006048347-d.html">http://www.loc.gov/catdir/enhancements/fy0701/2006048347-d.html</a> |
| 856 41 - ELECTRONIC LOCATION AND ACCESS |
| Materials specified |
Sample text |
| Uniform Resource Identifier |
<a href="http://www.loc.gov/catdir/enhancements/fy1001/2006048347-s.html">http://www.loc.gov/catdir/enhancements/fy1001/2006048347-s.html</a> |
| 906 ## - LOCAL DATA ELEMENT F, LDF (RLIN) |
| a |
7 |
| b |
cbc |
| c |
orignew |
| d |
1 |
| e |
ocip |
| f |
20 |
| g |
y-gencatlg |
| 942 ## - ADDED ENTRY ELEMENTS (KOHA) |
| Source of classification or shelving scheme |
|
| Koha item type |
Book |